| 000 | 00911nam a2200265Ia 4500 | ||
|---|---|---|---|
| 003 | OSt | ||
| 005 | 20220923213503.0 | ||
| 006 | a|||||r|||| 00| 0 | ||
| 007 | ta | ||
| 008 | 220922b |||||||| |||| 00| 0 hin d | ||
| 024 | _a162,393 | ||
| 037 | _cTextual | ||
| 040 |
_aARTS _cARTS _bhin |
||
| 041 |
_2hin _ahin |
||
| 082 | _aO152,3M80,RB:g, L0 | ||
| 100 | _aगुप्त, शान्तिस्वरूप | ||
| 245 | 0 | _aप्रेमचन्द और उनकी रंगभूमि | |
| 246 | _aPremachanda aur unakī rangabhūmi | ||
| 250 | _aसंस्क 2 | ||
| 260 |
_aदिल्ली _b रीगल बुक डिपो _c1980 |
||
| 300 |
_a192 पृ. _ccm. |
||
| 650 |
_aहिन्दी साहित्य _9156264 |
||
| 942 |
_hO152,3M80,RB:g, L0 _cTEXL _2CC |
||
| 999 |
_c316873 _d316873 |
||